| 000 | 01394cam a2200313 i 4500 | ||
|---|---|---|---|
| 001 | 11950741 | ||
| 003 | EG-ScBUE | ||
| 005 | 20240916092823.0 | ||
| 008 | 000323s2001 enka f b 001 0 eng d | ||
| 020 | _a0521791332 | ||
| 020 | _a9780521791335 | ||
| 040 |
_aDLC _beng _erda _cDLC _dDLC _dEG-ScBUE |
||
| 082 | 0 | 4 |
_a511.8 _222 _bOSB |
| 100 | 1 |
_aOsborne, M. R. _q(Michael Robert) _eauthor. _96280 |
|
| 245 | 1 | 0 |
_aSimplicial algorithms for minimizing polyhedral functions / _cM.R. Osborne, Australian National University. |
| 264 | 1 |
_aCambridge ; _aNew York : _bCambridge University Press, _c2001. |
|
| 300 |
_axiv, 247 pages : _billustrations ; _c24 cm |
||
| 336 |
_2rdacontent _atext _btxt |
||
| 337 |
_aunmediated _2rdamedia _bn |
||
| 338 |
_avolume _bnc _2rdacarrier |
||
| 504 | _aIncludes bibliographical references and index. | ||
| 650 | 7 |
_aAlgorithms. _2BUEsh _96281 |
|
| 650 | 7 |
_aPolyhedral functions. _2BUEsh _96282 |
|
| 655 | _vReading book | ||
| 856 | 4 | 2 |
_3Publisher description _uhttp://www.loc.gov/catdir/description/cam021/00036287.html |
| 856 | 4 | 1 |
_3Table of contents _uhttp://www.loc.gov/catdir/toc/cam023/00036287.html |
| 942 |
_2ddc _cBB |
||
| 999 |
_c11860 _d11860 |
||